000
00326nam a22001457a 4500
003
SGT
020
_a
9788180388973
082
_a
340.072
100
_a
SINGH RATTAN
245
_a
LEGAL RESEARCH METHODOLOGY
260
_a
NEW DELHI
_b
LEXIS NEXIS
_c
2013
300
_a
379
650
_a
RESEARCH METHODOLOGY
942
_2
ddc
_c
BK
_0
6
999
_c
10143
_d
10143